Statistics for San Marino Quiz

Click here to take the quiz!

General Stats

  • This quiz has been taken 112 times
  • The average score is 4 of 6

Answer Stats

HintAnswer% Correct
Surrounded by which country?Italy
100%
Main language spoken in the country?Italian
97%
Capital of San Marino?San Marino
97%
Currency of San Marino?Euro
93%
The residents are known as.......?Sammarinese
26%
Largest city?Dogana
21%

Score Distribution

Percentile by Number Answered

Percent of People with Each Score

Your Score History

You have not taken this quiz